000 00290nam a22001217a 4500
008 170529b xxu||||| |||| 00| 0 eng d
041 _ager
080 _a621
100 _a25
101 _aIM
245 _aANWENGUN STATISTISCHER METHODEN IN DER REGELUNGSTECHNIK
_cOTTO,H
942 _2udc
_cBK
999 _c14768
_d14768